Представление документа в формате RUSMARC

ПолеНазваниеЗначение
  Тип записи a
  Библиографический уровень m
001 Контрольный номер admiBOOK00020364
005 Дата корректировки 20141028094311.7
010 Индекс ISBN __
a ISBN 978-5-9916-3287-4
d Цена 369,05
100 Данные общей обработки __
a Данные общей обработки 19020123 |||y0 y0189 ca
101 Язык документа 0_
a Язык текста rus
105 Кодированные данные (монография) __
a Кодированные данные (монография) zy
200 Заглавие и сведения об ответственности 0_
a Заглавие Аудит. Теория и практика
e Сведения, относящиеся к заглавию учебник для бакалавров
f Первые сведения об ответственности Н.А.Казакова, Г.Б. Полисюк [и др.];под общ. ред. Н.А.Казаковой
205 Сведения об издании __
b Дополнительные сведения об издании Рек. УМО
210 Выходные данные 1_
a Место издания М
c Издательство Издательство Юрайт
d Дата издания 2014
215 Физическое описание __
a Объем 385с.
225 Серия 2_
a Серия Бакалавр. Углубленный курс
606 Тематические рубрики __
a Основная рубрика Аудит
610 Ключевые слова 0_
a Ключевые слова Аудит
a Ключевые слова Регулирование аудиторской деятельности
a Ключевые слова Аудиторская деятельность
a Ключевые слова Организация подготовки аудиторской проверки
a Ключевые слова Планирование аудиторской деятельности
a Ключевые слова Аудиторская проверка
a Ключевые слова Аудиторское заключение
a Ключевые слова Аудит имущества предприятия
a Ключевые слова Аудит реализации готовой продукции
a Ключевые слова Проведение аудита
a Ключевые слова Аудит финансовых результатов
a Ключевые слова Аудит финансовой отчетности предприятий
686 Индексы других классификаций __
a Классификационный индекс 65.053
852 Данные о местонахождении __
c Местонахождение стеллажа 65.053
852 Данные о местонахождении __
b Сигла хранения ЧЗ_1, УЧФ
t Номер экземпляра 25
i Авторский знак А93
p Инвентарный номер 149806
p Инвентарный номер 149807
p Инвентарный номер 149808
p Инвентарный номер 149809
p Инвентарный номер 149810
p Инвентарный номер 20 экз. б/н
j Шифр хранения 65.053
901 Тип документа __
t Тип документа m
911 __
u 952a=Учебник
u 952p=2501
938 Служебная информация __
a Название организации Саранский филиал
b Имя БД OUTPUT.MRC_доп
c Название АИБС АИБС Библиотека